Nuevos y viejos desafíos del periodismo.

Gardado en:
Detalles Bibliográficos
Outros autores: Tejedor, Santiago (Editor), Pulido, Cristina (editora)
Formato: Unknown
Publicado: Valencia, España: Tirant Lo Blanch, 2023
Series:tirant humanidades.
Subjects:
Tags: Engadir etiqueta
Sen Etiquetas, Sexa o primeiro en etiquetar este rexistro!

MARC

LEADER 00000 a2200000 4500
003 CL-VaPUC
005 20230823171301.0
008 230801t2023 ||||| |||| 00| 0 eng d
999 |c 441380  |d 441378 
020 |a 978-84-19471-90-1 
040 |c Pontificia Universidad Católica de Valparaíso 
082 7 |a 070.4 TEJ 2023  |2 22 
100 |a Tejedor, Santiago  |9 883735  |e editor 
245 |a Nuevos y viejos desafíos del periodismo. 
260 |a Valencia, España:  |b Tirant Lo Blanch,   |c 2023 
300 |a 328 páginas.  
490 |a tirant humanidades. 
583 |k GC  |c 20230801 
611 |a I Congreso Innovacom: Nuevos y viejos desafíos del periodismo.  |d 5 y 6 de octubre de 2021.  |e  Universidad Autónoma de Barcelona  |v Ponencias  |9 884009 
650 0 |a Periodismo   |9 310113  |x Innovación  
650 0 |a Comunicación   |x Innovación  |9 884010 
650 0 |a Periodismo   |x Formación   |9 310113 
700 |a Pulido, Cristina   |e editora  |9 884011 
942 |2 ddc  |c BK 
952 |0 0  |1 0  |2 ddc  |4 0  |6 070_400000000000000_TEJ_2023  |7 0  |8 A  |9 591068  |a BIBCUR  |b BIBCUR  |c GEN  |d 2023-08-01  |e 1  |g 37252.00  |i 5658226  |l 1  |o 070.4 TEJ 2023  |p 5658226  |r 2025-04-22  |s 2023-09-12  |t 1  |v 37252.00  |w 2023-08-01  |y BK  |k PER 
952 |0 0  |1 0  |2 ddc  |4 0  |6 070_400000000000000_TEJ_2023  |7 0  |8 A  |9 591370  |a BIBCUR  |b BIBCUR  |c GEN  |d 2023-08-25  |e 2  |g 43870.22  |i 5658499  |l 1  |o 070.4 TEJ 2023  |p 5658499  |r 2025-04-22  |s 2023-09-22  |t 2  |v 43870.22  |w 2023-08-25  |y BK  |k PER